|
|
|
|
| LEADER |
01007nam a2200253 u 4500 |
| 001 |
10024626 |
| 003 |
upatras |
| 005 |
20210117205851.0 |
| 008 |
960319s1990 uk eng |
| 020 |
|
|
|a 0412368404
|q (Χαρτόδ. μαλακό)
|
| 040 |
|
|
|a GR-PaULI
|c GR-PaULI
|
| 041 |
0 |
|
|a eng
|
| 100 |
1 |
|
|a Chambers, R. G.
|9 150852
|
| 245 |
1 |
0 |
|a Electrons in metals and semiconductors
|c R. G. Chambers
|
| 260 |
|
|
|a London
|b Chapman and Hall
|c 1990
|
| 300 |
|
|
|a vii, 230 p.
|b fig.
|c 21,5 cm
|
| 490 |
0 |
|
|a Physics and its applications
|v 1
|
| 505 |
1 |
|
|a Includes appendix . - references . - index
|
| 650 |
|
4 |
|9 179
|a Φυσική της στερεάς κατάστασης
|
| 760 |
1 |
|
|a Physics and its applications
|g 1
|
| 852 |
|
|
|a GR-PaULI
|b ΠΑΤΡΑ
|b ΦΥΣΙΚΟ
|k ΑΕΧ-1
|h 530.4 CHA
|m 05966
|p 025000018966
|t 1
|
| 942 |
|
|
|2 ddc
|c BK15
|
| 952 |
|
|
|0 0
|1 0
|4 0
|6 530_400000000000000_CHA
|7 0
|9 193881
|a PHYS
|b PHYS
|d 2016-04-24
|i 05966
|l 0
|o 530.4 CHA
|p 025000018966
|r 2016-04-24 00:00:00
|t 1
|w 2016-04-24
|y BK15
|
| 999 |
|
|
|c 118888
|d 118888
|